Ecoclubes en acción : sistematización de experiencias ii

Guardado en:
Formato: Libro
Publicado: Buenos Aires : Organización Panamericana de la Salud, 2007
Materias:
Etiquetas: Agregar Etiqueta
Sin Etiquetas, Sea el primero en etiquetar este registro!
LEADER 00573nam a22001815a 4500
001 CEM.cems012871
005 20080509111914.0
008 130507s2007##################000#0#####d
003 CEMS
082 0 4 |a F574.5 
245 0 0 |a Ecoclubes en acción :  |b sistematización de experiencias ii 
260 |a Buenos Aires :  |b Organización Panamericana de la Salud,  |c 2007 
300 |a 53 p. 
653 |a Medio ambiente 
653 |a Ecología 
653 |a Ecoclubes 
653 |a Olimpiada 2007-preservación del medio ambiente 
859 |a CEMS  |b BIB. CEMS - 11 de abril  |h F574.5  |i 31-6  |p 2199.44  |t Ej.1